000 01472nam a2200265Ia 4500
008 0000002009 sp ad 0000000000mul00
090 _aPSP00 A57a3
245 1 0 _aAntoni Tápies
_c/ traducción Lorraine Kerslake ; fotografías Gasull
300 _a38 p.
_c/ 27 cm.
500 _aExposición realizada en Galería Soledad Lorenzo, diciembre 3, 2008 enero 17, 2009 \ Incluye cronología del artista \ Texto bilingue: español inglés \ Proyecto Ganador Programa Apoyos Concertados FGAA 2010
501 _aAntoni Tápies : la materia que somos, el cuerpo que eXistimos = The material that we are, the body that we eXist / José MarínMedina
505 _aOBRAS : Terra amb quatre ulls Eines i espirals Quatre punts blancs Tres fustes sobre blanc Gratatge vermell M i lletres vermelles Cadira vermella El te de las 7 Ulls i jeroglifics Llit i cama Os Porta blanca Materia ocre amb grafismes blancs Materia trossejada Asimétric Llistó Jersei negre
600 0 0 _aTAPIES, ANTONIO, 1923201/
_xTRABAJOS PICTORICOS
650 1 4 _aARTE CONTEMPORANEO ESPAÑOL
650 1 4 _aARTISTAS PLASTICOS ESPAÑOLES EXPOSIONES
650 1 4 _xCATALOGOS
650 1 4 _aCOLLAGE
650 1 4 _xEXPOSICIONES
650 1 4 _aPINTORES ESPAÑOLES
650 1 4 _aPINTURA (TECNICA MIXTA)
650 1 4 _aPINTURA ESPAÑOLA
650 1 4 _aPINTURA SOBRE MADERA
700 1 _aKerslake, Lorraine \ Gasull
999 _c12220
_d12220
260 _aMadrid : Galería Soledad Lorenzo
_c2009